000 01397pab a2200181 454500
008 180718b1998 xxu||||| |||| 00| 0 eng d
100 _aBhatta, Gambhir
245 _aOn governing and milking cows: replicating good governance practices from East Asia
260 _c1998
300 _ap.123-50
362 _aDec
520 _aGovernance - in particular, good governance, and how to sustain it - has occupied the agendas of practically all international donors and has caught the attention of policy makers around the world. The United Nations, for one, has woven this concept into its development assistance programme and, in the latest governance programme to be pushed by the UN Development Programme, much emphasis is laid on learning from good governance practices around the world. In this context, the argument here is that, despite the spate of bad publicity received by the countries of this region of late, the UNDP could still pick up a thing or two in the formulation of its governance assistance programme from country experiences in this region. The most important lesson is that institution building is still the key and transparency is vital for the public sector. - Reproduced
650 _aPublic administration - East Asia
650 _aPublic administration
700 _aGonzalez, Joaquin L.,III
773 _aAsian Journal of Public Administration
909 _a49144
999 _c49144
_d49144